[Event "Ceske sachove vanoce 2009"]
[Site "Litomysl (CZE)"]
[Date "2009.12.31"]
[Round "7.13"]
[White "Pilch, Roman"]
[Black "Sabol, Marian"]
[Result "0-1"]
[WhiteElo "2170"]
[BlackElo "2343"]
[PlyCount "78"]
[EventDate "2009.12.26"]

1. d4 g6 2. c4 Bg7 3. Nc3 d6 4. e4 Nd7 5. Nf3 e5 6. d5 Ne7 7. Be2 O-O 8. O-O h6
9. b4 a5 10. bxa5 Rxa5 11. a4 b6 12. Ba3 f5 13. Bb4 fxe4 14. Nxe4 Ra8 15. a5
Nc5 16. Nfd2 Nxe4 17. Nxe4 Bf5 18. Bf3 bxa5 19. Rxa5 Rxa5 20. Bxa5 Bxe4 21.
Bxe4 Nf5 22. Bxf5 gxf5 23. Qb3 e4 24. Rb1 Kh7 25. Qb7 Rf7 26. Qb8 Qd7 27. h3
Be5 28. Qb5 Qe7 29. Qc6 Rg7 30. Bd2 f4 31. Rb8 e3 32. fxe3 fxe3 33. Bxe3 Bd4
34. Qe8 Bxe3+ 35. Kh1 Qxe8 36. Rxe8 Bb6 37. Kh2 Rf7 38. Kg3 Kg6 39. Re4 Bf2+
0-1

[Event "Ceske sachove vanoce 2009"]
[Site "Litomysl (CZE)"]
[Date "2009.12.31"]
[Round "7.14"]
[White "Vavra, Pavel"]
[Black "Duchrow, Oliver"]
[Result "1-0"]
[WhiteElo "2351"]
[BlackElo "2152"]
[PlyCount "91"]
[EventDate "2009.12.26"]

1. e4 c5 2. Nf3 e6 3. b3 d6 4. Bb2 e5 5. c3 Nc6 6. d4 Bg4 7. d5 Nce7 8. b4 b6
9. a4 Bd7 10. a5 Nf6 11. Nbd2 cxb4 12. axb6 Qxb6 13. Ra6 Qb8 14. Qa1 Nc8 15. c4
Be7 16. c5 dxc5 17. Nxe5 Bb5 18. Bxb5+ Qxb5 19. Ra5 Qb7 20. Nd3 Nd7 21. Bxg7
Rg8 22. O-O Qc7 23. Nc4 Ncb6 24. Be5 Nxe5 25. Qxe5 Qxe5 26. Ndxe5 Nxc4 27. Nxc4
Rg4 28. f3 Rg6 29. Rfa1 a6 30. f4 Rb8 31. e5 b3 32. d6 Bd8 33. Rxc5 Rb4 34. Kf1
Rh6 35. h3 Rh4 36. g3 Rxh3 37. Kg2 Rh6 38. Rb1 Rg6 39. Rb2 Bh4 40. Rc8+ Kd7 41.
Rc7+ Kd8 42. Kh3 Bxg3 43. Na5 Rb6 44. Rxb3 Rh6+ 45. Kxg3 Rxb3+ 46. Nxb3 1-0

[Event "Ceske sachove vanoce 2009"]
[Site "Litomysl (CZE)"]
[Date "2009.12.31"]
[Round "7.15"]
[White "Polacik, Igor"]
[Black "Heinzel, Olaf"]
[Result "0-1"]
[WhiteElo "2175"]
[BlackElo "2332"]
[PlyCount "58"]
[EventDate "2009.12.26"]

1. c4 c5 2. Nc3 Nf6 3. g3 d5 4. cxd5 Nxd5 5. Bg2 Nc7 6. d3 e5 7. Be3 Be7 8. Nf3
Nc6 9. O-O Be6 10. Nd2 Nd5 11. Nxd5 Bxd5 12. Ne4 b6 13. f4 exf4 14. gxf4 f5 15.
Nc3 Bxg2 16. Kxg2 O-O 17. Bd2 Kh8 18. Rf3 Qd7 19. Rh3 Rad8 20. b3 Bf6 21. Rc1
Rfe8 22. e4 fxe4 23. Nxe4 Rxe4 24. dxe4 Qxd2+ 25. Qxd2 Rxd2+ 26. Kf3 Nd4+ 27.
Kg4 Rg2+ 28. Rg3 Rxh2 29. Rh3 Rg2+ 0-1

[Event "Ceske sachove vanoce 2009"]
[Site "Litomysl (CZE)"]
[Date "2009.12.31"]
[Round "7.17"]
[White "Novotny, Michal"]
[Black "Navratil sen., Jiri"]
[Result "0-1"]
[WhiteElo "2292"]
[BlackElo "2163"]
[PlyCount "142"]
[EventDate "2009.12.26"]

1. c4 Nf6 2. Nc3 d5 3. d4 e6 4. cxd5 exd5 5. Bg5 c6 6. e3 Bf5 7. Qf3 Bg6 8.
Bxf6 Qxf6 9. Qxf6 gxf6 10. Kd2 Bh6 11. Bd3 Nd7 12. Nge2 Nf8 13. h4 Rg8 14. Ng3
Ne6 15. h5 Bxd3 16. Kxd3 Rg5 17. Nce2 Kd7 18. f4 Rg4 19. Nf5 Bf8 20. g3 Nc7 21.
h6 Ke6 22. Rh5 Nb5 23. Rd1 Nd6 24. Nxd6 Kxd6 25. e4 Re8 26. e5+ Ke6 27. Ke3 f5
28. Kf3 Be7 29. Rdh1 Reg8 30. R1h3 R8g6 31. Nc3 Bb4 32. Nd1 Be1 33. Ne3 Rxg3+
34. Rxg3 Rxg3+ 35. Ke2 Bb4 36. a3 Bf8 37. Kf2 Rg6 38. Nxf5 a5 39. Ng7+ Kd7 40.
f5 Rg4 41. e6+ fxe6 42. Kf3 Rg1 43. Nxe6 Be7 44. Rh2 Ke8 45. Kf2 Rg4 46. Rh3 a4
47. b3 axb3 48. Rxb3 b5 49. a4 bxa4 50. Rb8+ Kf7 51. Rh8 a3 52. Rxh7+ Kf6 53.
Rh8 Kxf5 54. h7 Bf6 55. Rf8 Rh4 56. Ng7+ Kg6 57. h8=Q Rxh8 58. Rxh8 a2 59. Ra8
a1=Q 60. Rxa1 Bxd4+ 61. Ke2 Bxa1 62. Ne6 Kf6 63. Nd8 c5 64. Kd3 c4+ 65. Kd2 Kf5
66. Nc6 Ke4 67. Nb4 Bf6 68. Kc2 d4 69. Kd1 d3 70. Kd2 c3+ 71. Kd1 Bg5 0-1

[Event "Ceske sachove vanoce 2009"]
[Site "Litomysl (CZE)"]
[Date "2009.12.31"]
[Round "7.19"]
[White "Olsarova, Tereza"]
[Black "Pecha, Tomas"]
[Result "1/2-1/2"]
[WhiteElo "2164"]
[BlackElo "2236"]
[PlyCount "101"]
[EventDate "2009.12.26"]

1. e4 e6 2. d4 d5 3. exd5 exd5 4. Bf4 Bd6 5. Bg3 Nf6 6. Bd3 O-O 7. Ne2 Nc6 8.
c3 Ne7 9. O-O Nf5 10. Bxd6 Qxd6 11. Ng3 Nh4 12. Nd2 Qf4 13. Re1 Ng4 14. Qe2 Bd7
15. Ndf1 f5 16. Nh5 Qg5 17. Qe7 Nf6 18. Nfg3 Rf7 19. f4 Rxe7 20. fxg5 Rxe1+ 21.
Rxe1 Ne4 22. Nf4 c6 23. c4 Ng6 24. Nge2 dxc4 25. Bxc4+ Kh8 26. Nxg6+ hxg6 27.
Nf4 Be8 28. Ne6 Bf7 29. h4 Kg8 30. Bb3 a5 31. Nc5 Bxb3 32. axb3 Nxc5 33. dxc5
Kf7 34. Rd1 Re8 35. Kf2 Re5 36. Rd7+ Re7 37. Rxe7+ Kxe7 38. Ke3 Kd7 39. Kd3 Ke7
40. Kd4 Ke6 41. g3 Kd7 42. Ke5 Ke7 43. h5 gxh5 44. Kxf5 Kf7 45. g6+ Ke7 46. Ke5
Kd7 47. Kf5 Ke7 48. Ke5 Kd7 49. Kf5 Ke7 50. Ke5 Kd7 51. Kf5 1/2-1/2

[Event "Ceske sachove vanoce 2009"]
[Site "Litomysl (CZE)"]
[Date "2009.12.31"]
[Round "7.20"]
[White "Weglarz, Leszek"]
[Black "Kastner, Oldrich"]
[Result "1/2-1/2"]
[WhiteElo "2233"]
[BlackElo "2102"]
[PlyCount "26"]
[EventDate "2009.12.26"]

1. e4 Nf6 2. e5 Nd5 3. d4 d6 4. Nf3 Bg4 5. Be2 c6 6. Ng5 Bf5 7. Bg4 Qd7 8. e6
fxe6 9. O-O Nf6 10. Be2 h6 11. Nf3 Na6 12. Bxa6 bxa6 13. Nc3 g5 1/2-1/2

[Event "Ceske sachove vanoce 2009"]
[Site "Litomysl (CZE)"]
[Date "2010.01.01"]
[Round "8.1"]
[White "Heberla, Bartolomiej"]
[Black "Bernasek, Jan"]
[Result "1-0"]
[WhiteElo "2515"]
[BlackElo "2476"]
[PlyCount "69"]
[EventDate "2009.12.26"]

1. e4 c5 2. Nf3 e6 3. c3 Nf6 4. e5 Nd5 5. g3 Nc6 6. Bg2 d6 7. exd6 Bxd6 8. O-O
O-O 9. d4 cxd4 10. Nxd4 Nxd4 11. Qxd4 Be7 12. Rd1 Nf6 13. Qxd8 Rxd8 14. Rxd8+
Bxd8 15. Na3 Nd5 16. c4 Nb4 17. Be3 Be7 18. Rd1 a6 19. c5 Nd5 20. Nc4 Kf8 21.
Nb6 Nxb6 22. cxb6 f6 23. Rc1 Bd8 24. b4 Ke8 25. a4 Rb8 26. Bc5 Bd7 27. Bd6 Rc8
28. Bc7 Bxc7 29. Bxb7 Rb8 30. Rxc7 Bxa4 31. Rxg7 Kf8 32. Rxh7 Be8 33. Rc7 e5
34. h4 f5 35. h5 1-0

[Event "Ceske sachove vanoce 2009"]
[Site "Litomysl (CZE)"]
[Date "2010.01.01"]
[Round "8.3"]
[White "Petr, Martin"]
[Black "Stupak, Kirill"]
[Result "1-0"]
[WhiteElo "2495"]
[BlackElo "2456"]
[PlyCount "111"]
[EventDate "2009.12.26"]

1. e4 e6 2. d4 d5 3. Nd2 dxe4 4. Nxe4 Nd7 5. Bd3 Ngf6 6. Qe2 c5 7. Nxf6+ Nxf6
8. dxc5 Bxc5 9. Nf3 Qc7 10. Bd2 Bd7 11. O-O Bd6 12. Rfe1 Bc6 13. Ne5 Bxe5 14.
Qxe5 Qxe5 15. Rxe5 O-O 16. f3 h6 17. Bb4 Rfe8 18. c4 Rad8 19. Rd1 b6 20. b3 Bb7
21. Bc3 Nd7 22. Ree1 Nb8 23. Kf2 Rd7 24. Be5 Rdd8 25. Bc3 Rd7 26. Bc2 Red8 27.
Rxd7 Rxd7 28. Rd1 Rxd1 29. Bxd1 f6 30. h4 Kf7 31. h5 Nd7 32. b4 Bc6 33. Ke3 Ke7
34. Bc2 e5 35. g4 Kd6 36. Bb2 a5 37. bxa5 bxa5 38. Ba3+ Nc5 39. Bf5 Be8 40. Bg6
Bd7 41. Bf7 Ba4 42. Bd5 Bc2 43. Bc1 a4 44. a3 Bb1 45. Bd2 Na6 46. Ba5 Bh7 47.
Kd2 Bb1 48. Kc3 Bh7 49. Bb6 Bb1 50. Ba5 Bh7 51. Bf7 Bb1 52. Bb4+ Nc5 53. Be8
Ba2 54. Bxa4 Bb1 55. Bc2 Ba2 56. Be4 1-0

[Event "Ceske sachove vanoce 2009"]
[Site "Litomysl (CZE)"]
[Date "2010.01.01"]
[Round "8.4"]
[White "Simacek, Pavel"]
[Black "Hoffmann, Paul"]
[Result "1-0"]
[WhiteElo "2513"]
[BlackElo "2355"]
[PlyCount "121"]
[EventDate "2009.12.26"]

1. e4 c5 2. Nf3 Nc6 3. d4 cxd4 4. Nxd4 Nf6 5. Nc3 d6 6. Bg5 Qb6 7. Nb3 e6 8.
Qe2 a6 9. O-O-O Be7 10. g4 Qc7 11. Be3 b5 12. g5 Nd7 13. f4 O-O 14. Rg1 Re8 15.
Rg3 b4 16. Na4 Rb8 17. Qf2 Na5 18. f5 g6 19. Rh3 exf5 20. exf5 Ne5 21. Nd4 Nac4
22. Qh4 h5 23. Be2 Nxe3 24. Rxe3 Bf8 25. Bxh5 Bxf5 26. Nxf5 gxf5 27. Qf2 Qd7
28. b3 Ng4 29. Bxg4 fxg4 30. Nb6 Qa7 31. Nd5 Rxe3 32. Nf6+ Kg7 33. Rd3 Be7 34.
Rxe3 Rh8 35. Qf4 Rxh2 36. Kb2 Rh3 37. Nxg4 Rxe3 38. Nxe3 Qc5 39. Nf5+ Kf8 40.
Qe4 Qe5+ 41. Qxe5 dxe5 42. Nxe7 Kxe7 43. c4 Ke6 44. Kc2 Kf5 45. Kd3 Kxg5 46.
Ke4 Kf6 47. Kd5 e4 48. Kxe4 Ke6 49. Kf4 Kf6 50. Kg4 Ke5 51. Kg5 f6+ 52. Kg4 Ke4
53. Kg3 f5 54. Kf2 a5 55. Kf1 Ke5 56. Ke1 a4 57. bxa4 Kd6 58. a5 Kc5 59. Kf2
Kc6 60. Kf3 Kb7 61. c5 1-0

[Event "Ceske sachove vanoce 2009"]
[Site "Litomysl (CZE)"]
[Date "2010.01.01"]
[Round "8.5"]
[White "Kulhanek, Tomas"]
[Black "Novak, Pavel"]
[Result "1-0"]
[WhiteElo "2441"]
[BlackElo "2377"]
[PlyCount "41"]
[EventDate "2009.12.26"]

1. e4 e5 2. Bc4 Nf6 3. d4 Nc6 4. Nf3 exd4 5. O-O d6 6. Nxd4 Be7 7. Nc3 O-O 8.
Re1 Nxd4 9. Qxd4 Bd7 10. Bg5 h6 11. Bh4 Bc6 12. Rad1 Re8 13. e5 dxe5 14. Bxf7+
Kxf7 15. Qc4+ Kf8 16. Rxd8 Raxd8 17. Bxf6 Bxf6 18. f3 Rd4 19. Qc5+ Kg8 20. Ne4
Bxe4 21. fxe4 1-0

[Event "Ceske sachove vanoce 2009"]
[Site "Litomysl (CZE)"]
[Date "2010.01.01"]
[Round "8.6"]
[White "Sodoma, Jan"]
[Black "Manik, Mikulas"]
[Result "1/2-1/2"]
[WhiteElo "2355"]
[BlackElo "2435"]
[PlyCount "68"]
[EventDate "2009.12.26"]

1. d4 Nf6 2. c3 g6 3. Bg5 Bg7 4. Nd2 O-O 5. Ngf3 d6 6. e3 h6 7. Bh4 Qe8 8. Bc4
e5 9. dxe5 dxe5 10. Qc2 Kh7 11. O-O Nh5 12. e4 Nc6 13. a4 f5 14. exf5 gxf5 15.
Ne1 e4 16. f4 Be6 17. Be2 Nf6 18. Nc4 Qf7 19. Ne3 Nd5 20. Nxd5 Bxd5 21. Qd2 Na5
22. Qe3 c5 23. Nc2 Bb3 24. Qd2 Nc4 25. Bxc4 Bxc4 26. Rf2 Bf6 27. Bxf6 Qxf6 28.
Qe3 b6 29. a5 Rad8 30. axb6 axb6 31. Rd2 Bd3 32. Ra7+ Kh8 33. Ne1 Bb5 34. h3
Rfe8 1/2-1/2

[Event "Ceske sachove vanoce 2009"]
[Site "Litomysl (CZE)"]
[Date "2010.01.01"]
[Round "8.7"]
[White "Cerveny, Martin"]
[Black "Bulski, Krzysztof"]
[Result "1/2-1/2"]
[WhiteElo "2353"]
[BlackElo "2416"]
[PlyCount "211"]
[EventDate "2009.12.26"]

1. d4 Nf6 2. c4 e6 3. Nf3 d5 4. Nc3 Bb4 5. Bg5 h6 6. Bxf6 Qxf6 7. cxd5 exd5 8.
Qa4+ Nc6 9. e3 O-O 10. Rc1 Rd8 11. Bb5 Bf8 12. Bxc6 bxc6 13. Qa5 Rb8 14. Qxa7
Rxb2 15. O-O Rb7 16. Qa4 Rb6 17. Qc2 Bf5 18. Qe2 Ba3 19. Rcd1 Ra8 20. e4 dxe4
21. Ne5 Rb2 22. Rd2 Rxd2 23. Qxd2 c5 24. g4 Bh7 25. f4 exf3 26. Rxf3 Qe6 27.
Nb5 Bb4 28. Qf4 f6 29. Nxc7 fxe5 30. dxe5 g5 31. Qxb4 cxb4 32. Nxe6 Re8 33. Nd4
Rxe5 34. h3 Re4 35. Nc6 Rc4 36. Ne7+ Kh8 37. Rf2 Be4 38. Nf5 Rc1+ 39. Kh2 Kh7
40. Rb2 Rh1+ 41. Kg3 h5 42. Rxb4 h4+ 43. Nxh4 gxh4+ 44. Kxh4 Bg2 45. Rb3 Bd5
46. Ra3 Rh2 47. Ra7+ Kg6 48. Ra6+ Kg7 49. a4 Rh1 50. Rd6 Bg2 51. Kg5 Rxh3 52.
Rd7+ Kf8 53. a5 Bf1 54. Ra7 Rc3 55. Kg6 Rc6+ 56. Kg5 Be2 57. Kf5 Bd3+ 58. Ke5
Rg6 59. Kf4 Re6 60. g5 Re4+ 61. Kg3 Ra4 62. Rd7 Be4 63. Ra7 Bg6 64. Kf3 Bf7 65.
Kg3 Kg7 66. Ra6 Bd5 67. Kh3 Bc4 68. Rf6 Rxa5 69. Kh4 Ra1 70. Rd6 Re1 71. Rf6
Be6 72. Kg3 Bf7 73. Kg4 Re2 74. Kg3 Re4 75. Kf3 Rb4 76. Kg3 Bh5 77. Rf4 Rb3+
78. Kh4 Be8 79. Rd4 Bf7 80. Re4 Bd5 81. Re5 Rd3 82. Kg4 Kg6 83. Kf4 Bf7 84. Re3
Rd4+ 85. Re4 Rd1 86. Re5 Bd5 87. Ke3 Bg2 88. Kf4 Bh3 89. Re8 Rf1+ 90. Kg3 Bf5
91. Rg8+ Kh5 92. Rg7 Bg6 93. Ra7 Kxg5 94. Ra3 Bf5 95. Rf3 Rd1 96. Ra3 Be4 97.
Ra5+ Bd5 98. Ra3 Rd2 99. Ra5 Kf5 100. Rb5 Ke5 101. Ra5 Rg2+ 102. Kh3 Rg8 103.
Rb5 Ke4 104. Ra5 Kf3 105. Kh4 Kf4 106. Rxd5 1/2-1/2

[Event "Ceske sachove vanoce 2009"]
[Site "Litomysl (CZE)"]
[Date "2010.01.01"]
[Round "8.8"]
[White "Biolek, Richard"]
[Black "Sabol, Marian"]
[Result "1-0"]
[WhiteElo "2385"]
[BlackElo "2343"]
[PlyCount "87"]
[EventDate "2009.12.26"]

1. e4 g6 2. d4 Bg7 3. Nc3 c6 4. Nf3 d6 5. a4 Nf6 6. Be2 O-O 7. O-O Qc7 8. h3 e5
9. Be3 Nbd7 10. Qd2 Re8 11. Bc4 Nf8 12. d5 c5 13. a5 Qe7 14. Rfb1 a6 15. b4
cxb4 16. Rxb4 Nh5 17. Rab1 f5 18. Bg5 Qc7 19. exf5 gxf5 20. Bh6 Nf4 21. Bxf4
exf4 22. Na4 Qxa5 23. Nb6 Rb8 24. Qxf4 Qc5 25. Nxc8 Rbxc8 26. Bd3 b5 27. Qxf5
Rc7 28. Rh4 Rf7 29. Qh5 h6 30. Rg4 Qc8 31. Rbb4 Qc3 32. Rbf4 Rxf4 33. Rxf4 Re7
34. Qf5 Qc7 35. Rg4 Rf7 36. Qe4 Re7 37. Qf4 a5 38. Qxh6 a4 39. Qc1 Qc3 40. Bxb5
a3 41. Bc4 Ra7 42. Qf4 Qxc4 43. Qxc4 a2 44. Rxg7+ 1-0

[Event "Ceske sachove vanoce 2009"]
[Site "Litomysl (CZE)"]
[Date "2010.01.01"]
[Round "8.9"]
[White "Svoboda, Vaclav"]
[Black "Maciol, Ryszard"]
[Result "1-0"]
[WhiteElo "2292"]
[BlackElo "2245"]
[PlyCount "87"]
[EventDate "2009.12.26"]

1. e4 e6 2. d4 d5 3. Nc3 Bb4 4. e5 c5 5. a3 Bxc3+ 6. bxc3 Qc7 7. Nf3 Bd7 8. Bd3
c4 9. Be2 Ba4 10. h4 Nc6 11. h5 h6 12. O-O Nge7 13. Nh2 O-O-O 14. Ng4 Nf5 15.
Ne3 Nxe3 16. Bxe3 Qe7 17. Bg4 g6 18. g3 Rdg8 19. Kg2 f5 20. exf6 Qxf6 21. Qf3
Qxf3+ 22. Kxf3 Kd7 23. Rac1 Rf8+ 24. Kg2 Rf6 25. hxg6 Rxg6 26. Bh5 Rf6 27. Rfe1
Rg8 28. Re2 Ne7 29. Kh3 Nf5 30. Bf4 Ng7 31. Bf3 h5 32. Rce1 Kc8 33. Kg2 Bd7 34.
Be5 Rh6 35. Rh1 h4 36. Rxh4 Rxh4 37. gxh4 Nf5+ 38. Kh3 Rg6 39. Bg4 Rh6 40. Bxf5
exf5 41. Bf4 Rh8 42. Re5 Bc6 43. Kg3 Rh5 44. Bg5 1-0

[Event "Ceske sachove vanoce 2009"]
[Site "Litomysl (CZE)"]
[Date "2010.01.01"]
[Round "8.10"]
[White "Ponizil, Cyril"]
[Black "Seifert, Volker"]
[Result "1/2-1/2"]
[WhiteElo "2304"]
[BlackElo "2355"]
[PlyCount "58"]
[EventDate "2009.12.26"]

1. e4 e6 2. d4 d5 3. Nd2 h6 4. Bd3 c5 5. exd5 exd5 6. Qe2+ Be7 7. dxc5 Nf6 8.
Bb5+ Bd7 9. Nb3 O-O 10. Be3 Re8 11. O-O-O a6 12. Bxd7 Nbxd7 13. Qd2 a5 14. a4
Ne5 15. Nh3 Nc4 16. Qd3 Qd7 17. Bd4 Qxa4 18. Kb1 Qb5 19. Nf4 b6 20. Rhe1 a4 21.
Rxe7 Rxe7 22. Bxf6 axb3 23. cxb3 gxf6 24. Nxd5 Na3+ 25. bxa3 Qxd3+ 26. Rxd3
Re1+ 27. Kb2 Re2+ 28. Kc3 bxc5 29. Nxf6+ Kg7 1/2-1/2

[Event "Ceske sachove vanoce 2009"]
[Site "Litomysl (CZE)"]
[Date "2010.01.01"]
[Round "8.11"]
[White "Navratil jun., Jiri"]
[Black "Vavra, Pavel"]
[Result "1/2-1/2"]
[WhiteElo "1910"]
[BlackElo "2351"]
[PlyCount "84"]
[EventDate "2009.12.26"]

1. e4 Nf6 2. e5 Ne4 3. d4 e6 4. Nh3 h6 5. Qg4 d5 6. f3 Ng5 7. Nxg5 hxg5 8. Bxg5
Qd7 9. Nc3 c5 10. Be3 Nc6 11. Bb5 a6 12. Bxc6 Qxc6 13. dxc5 Bd7 14. O-O-O g6
15. Qd4 Rc8 16. Qd2 Bxc5 17. Bxc5 Qxc5 18. Ne4 dxe4 19. Qxd7+ Kf8 20. Qd6+ Kg7
21. Qxc5 Rxc5 22. f4 g5 23. g3 Kg6 24. Rd7 gxf4 25. gxf4 Kf5 26. Rxf7+ Kg4 27.
Rg1+ Kf3 28. f5 Kf2 29. Rg5 Rxh2 30. fxe6+ Ke3 31. Rg3+ Kd4 32. c3+ Kxe5 33. e7
Rc8 34. Rf8 Rh8 35. Rxc8 Rxc8 36. Kd2 Re8 37. Rg7 Kf6 38. Rh7 Kg6 39. Rh4 Rxe7
40. Ke3 Rc7 41. Rxe4 Kf5 42. Rd4 Ke5 1/2-1/2

[Event "Ceske sachove vanoce 2009"]
[Site "Litomysl (CZE)"]
[Date "2010.01.01"]
[Round "8.12"]
[White "Heinzel, Olaf"]
[Black "Olsarova, Karolina"]
[Result "1-0"]
[WhiteElo "2332"]
[BlackElo "2192"]
[PlyCount "89"]
[EventDate "2009.12.26"]

1. d4 d5 2. Bf4 Nf6 3. Nf3 Bf5 4. e3 e6 5. Nbd2 Be7 6. c4 c6 7. Qb3 Qb6 8. c5
Qxb3 9. axb3 O-O 10. h3 Nbd7 11. b4 Rfc8 12. Nb3 Bd8 13. Na5 Bxa5 14. Rxa5 a6
15. Be2 Ne4 16. g4 Bg6 17. Nh4 f6 18. Nxg6 hxg6 19. f3 Ng5 20. h4 Nf7 21. Bd3
e5 22. Bg3 exd4 23. exd4 g5 24. h5 Re8+ 25. Kd2 Nf8 26. Rha1 Rad8 27. b5 axb5
28. Ra7 Rd7 29. Bf5 Rde7 30. Re1 Rxe1 31. Bxe1 Nd8 32. Ra8 Kf7 33. Rb8 g6 34.
Bd3 gxh5 35. gxh5 Kg7 36. Bg3 Nfe6 37. Bg6 Re7 38. Bd6 Rd7 39. Be8 Rxd6 40.
cxd6 f5 41. Bd7 Kf7 42. Bxe6+ Nxe6 43. d7 Ke7 44. d8=Q+ Nxd8 45. Rxd8 1-0

[Event "Ceske sachove vanoce 2009"]
[Site "Litomysl (CZE)"]
[Date "2010.01.01"]
[Round "8.13"]
[White "Navratil sen., Jiri"]
[Black "Kanovsky, David"]
[Result "0-1"]
[WhiteElo "2163"]
[BlackElo "2471"]
[PlyCount "82"]
[EventDate "2009.12.26"]

1. d4 g6 2. Nf3 Bg7 3. c3 d6 4. h3 Nd7 5. Bg5 Ngf6 6. Nbd2 O-O 7. e4 e5 8. dxe5
dxe5 9. Bc4 h6 10. Be3 b6 11. Qc2 Bb7 12. Nh2 Qe7 13. Ng4 Kh7 14. Nxf6+ Nxf6
15. f3 Rad8 16. g4 Ne8 17. h4 Nd6 18. Be2 Kh8 19. O-O-O f5 20. exf5 gxf5 21. g5
f4 22. Bf2 e4 23. gxh6 Bf6 24. Bd4 e3 25. Nb3 c5 26. Bxf6+ Qxf6 27. Rhg1 Rg8
28. h7 Rg3 29. Qd3 Rxg1 30. Rxg1 Nf7 31. Qb5 Bc6 32. Qa6 Ne5 33. Kc2 Qf5+ 34.
Kc1 Qxh7 35. Rf1 Qxh4 36. Rd1 Bxf3 37. Bxf3 Nxf3 38. Rxd8+ Qxd8 39. Qf1 Qd5 40.
Qg2 Qe4 41. Kd1 Qd3+ 0-1

[Event "Ceske sachove vanoce 2009"]
[Site "Litomysl (CZE)"]
[Date "2010.01.01"]
[Round "8.15"]
[White "Blazkova, Petra"]
[Black "Bures, Jaroslav"]
[Result "0-1"]
[WhiteElo "2178"]
[BlackElo "2300"]
[PlyCount "48"]
[EventDate "2009.12.26"]

1. e4 c5 2. Nc3 e6 3. Nf3 a6 4. d4 cxd4 5. Nxd4 Qc7 6. g3 Bb4 7. Nde2 Nf6 8.
Bg2 Be7 9. O-O Nc6 10. a4 d6 11. h3 O-O 12. g4 b6 13. Ng3 Bb7 14. g5 Nd7 15. f4
b5 16. Re1 Rfd8 17. Nd5 exd5 18. exd5 Nb4 19. c3 Nxd5 20. Kh2 Nxc3 21. bxc3
Bxg2 22. Rxe7 Bb7 23. Nf5 Qc5 24. Qg4 Qf2+ 0-1

[Event "Ceske sachove vanoce 2009"]
[Site "Litomysl (CZE)"]
[Date "2010.01.01"]
[Round "8.16"]
[White "Vrana, Jan"]
[Black "Pilch, Roman"]
[Result "1/2-1/2"]
[WhiteElo "2298"]
[BlackElo "2170"]
[PlyCount "95"]
[EventDate "2009.12.26"]

1. e4 c5 2. Nf3 d6 3. d4 cxd4 4. Qxd4 Nc6 5. Bb5 Bd7 6. Bxc6 Bxc6 7. Nc3 Nf6 8.
Bg5 e6 9. O-O-O Be7 10. Qd3 Qa5 11. h4 O-O-O 12. Kb1 h6 13. Bd2 Qc7 14. Nd4 a6
15. f3 d5 16. e5 Nd7 17. f4 h5 18. Qg3 g6 19. Be3 Bc5 20. Qf2 b6 21. Nf3 Bxe3
22. Qxe3 Nc5 23. Nd4 Kb7 24. b4 Na4 25. Nxa4 Bxa4 26. Qa3 Bb5 27. Rh3 Rc8 28.
Re3 Qe7 29. g3 Rc4 30. c3 Rhc8 31. Rc1 Qd7 32. Qb2 Qc7 33. Qd2 Ka7 34. Kb2 Kb7
35. Qd1 Qd7 36. Qd2 Qc7 37. a3 Qd7 38. Rg1 Rh8 39. Kc2 Rcc8 40. Kd1 Bc4 41. Qc2
Bb5 42. Kd2 Rc4 43. Ra1 Rhc8 44. Qb2 Ba4 45. Rb1 Bb5 46. Rg1 Rh8 47. Ra1 Ba4
48. Rg1 1/2-1/2

[Event "Ceske sachove vanoce 2009"]
[Site "Litomysl (CZE)"]
[Date "2010.01.01"]
[Round "8.17"]
[White "Schaefer, Reyk"]
[Black "Skliba, Martin"]
[Result "0-1"]
[WhiteElo "2155"]
[BlackElo "2281"]
[PlyCount "90"]
[EventDate "2009.12.26"]

1. d4 Nf6 2. e3 e6 3. f4 b6 4. Nf3 Bb7 5. Bd3 c5 6. c3 Be7 7. O-O O-O 8. Nbd2
d6 9. e4 cxd4 10. cxd4 Nc6 11. a3 a6 12. Kh1 b5 13. b3 Rc8 14. Bb2 Nh5 15. d5
Nxf4 16. dxc6 Bxc6 17. Bb1 e5 18. Nd4 Ba8 19. Nf5 Bf6 20. Nf3 d5 21. Nxe5 dxe4
22. Qxd8 Rfxd8 23. Bxe4 Bxe4 24. Rxf4 Bxf5 25. Rxf5 Rd2 26. Nc4 Bxb2 27. Nxd2
Bxa1 28. Kg1 g6 29. Rd5 Kg7 30. Kf2 Bb2 31. a4 bxa4 32. bxa4 Bc3 33. Ke2 Bxd2
34. Kxd2 Rb8 35. Kc3 Rc8+ 36. Kb3 Rc6 37. Rd4 h5 38. Rc4 Re6 39. Rc2 f5 40. Kb4
f4 41. Ka5 g5 42. Rb2 Kf6 43. Rc2 g4 44. Rc8 Kf5 45. Rh8 f3 0-1

[Event "Ceske sachove vanoce 2009"]
[Site "Litomysl (CZE)"]
[Date "2010.01.01"]
[Round "8.18"]
[White "Duchrow, Oliver"]
[Black "Schuetze, Norman"]
[Result "1-0"]
[WhiteElo "2152"]
[BlackElo "2269"]
[PlyCount "97"]
[EventDate "2009.12.26"]

1. e4 c5 2. Nf3 d6 3. d4 cxd4 4. Nxd4 Nf6 5. Nc3 a6 6. a4 b6 7. f3 e6 8. Be3
Qc7 9. g4 h6 10. Bg2 Nbd7 11. O-O Bb7 12. Nde2 d5 13. exd5 Nxd5 14. Nxd5 Bxd5
15. Nc3 Nf6 16. Qd2 Bd6 17. Kh1 O-O 18. f4 Nxg4 19. Bd4 Bc5 20. Bxd5 exd5 21.
Nxd5 Qc6 22. Qg2 Rac8 23. c4 Qd7 24. Bxc5 Rxc5 25. h3 Rxd5 26. Qxd5 Qxd5+ 27.
cxd5 Ne3 28. Rf3 Nxd5 29. Rd1 Nf6 30. Kg2 Re8 31. Rd2 Re4 32. b3 Rb4 33. Rd8+
Kh7 34. Rf8 h5 35. Rxf7 h4 36. Ra7 a5 37. Rc7 Rd4 38. Rc6 Nd5 39. Rc4 Rd2+ 40.
Kf1 g6 41. Ke1 Rh2 42. Rd3 Nb4 43. Rd7+ Kh6 44. Rcc7 Nc2+ 45. Kf1 Ne3+ 46. Kg1
Rg2+ 47. Kh1 g5 48. Rd6+ Kh5 49. Rh7# 1-0

[Event "Ceske sachove vanoce 2009"]
[Site "Litomysl (CZE)"]
[Date "2010.01.01"]
[Round "8.19"]
[White "Pecha, Tomas"]
[Black "Cuhra, Martin"]
[Result "1/2-1/2"]
[WhiteElo "2236"]
[BlackElo "2141"]
[PlyCount "81"]
[EventDate "2009.12.26"]

1. e4 b6 2. d4 Bb7 3. Nd2 g6 4. Ngf3 Bg7 5. c3 e6 6. Bd3 Ne7 7. O-O d6 8. Qe2
Nd7 9. a4 a6 10. Nc4 O-O 11. Rd1 Qb8 12. Bg5 Re8 13. h4 Qa7 14. Nh2 d5 15. exd5
Bxd5 16. Ne3 Bb7 17. h5 c5 18. hxg6 hxg6 19. dxc5 Nxc5 20. Nhg4 Be4 21. Bc4
Red8 22. f3 Bc6 23. Nf6+ Kf8 24. b4 Nxa4 25. Neg4 b5+ 26. Be3 Qc7 27. Bb3 Nxc3
28. Rxd8+ Rxd8 29. Qf2 Ncd5 30. Bxd5 Bxf6 31. Nxf6 Nxd5 32. Bc5+ Kg7 33. Nxd5
Rxd5 34. Qb2+ e5 35. Qc1 Qd7 36. Qe3 Bb7 37. Kf2 f5 38. Re1 Kf6 39. Qh6 Qg7 40.
Qxg7+ Kxg7 41. Rxe5 1/2-1/2

[Event "Ceske sachove vanoce 2009"]
[Site "Litomysl (CZE)"]
[Date "2010.01.01"]
[Round "8.20"]
[White "Hellwig, Tobias"]
[Black "Weglarz, Leszek"]
[Result "1-0"]
[WhiteElo "2114"]
[BlackElo "2233"]
[PlyCount "117"]
[EventDate "2009.12.26"]

1. d4 d5 2. c4 dxc4 3. Nc3 a6 4. e3 b5 5. a4 b4 6. Na2 a5 7. Bxc4 Nf6 8. Nf3
Ba6 9. Qe2 e6 10. O-O Be7 11. b3 O-O 12. Bb2 c5 13. dxc5 Bxc5 14. Nc1 Bxc4 15.
Qxc4 Nbd7 16. Nd3 Bd6 17. Rfd1 Qb8 18. Rac1 Rc8 19. Qxc8+ Qxc8 20. Rxc8+ Rxc8
21. Kf1 Kf8 22. Nd2 Ke7 23. Nc4 Bc7 24. Bd4 Ne4 25. f3 Nd6 26. Rc1 Nxc4 27.
Rxc4 f6 28. e4 Kd8 29. Nc5 Nxc5 30. Bxc5 Kd7 31. Bg1 Bd8 32. Rxc8 Kxc8 33. Ke2
Kd7 34. Kd3 Kc6 35. Kc4 Bc7 36. h3 f5 37. Bd4 g6 38. Bf6 Bb6 39. Be7 Bc7 40.
Bf8 Bb6 41. Be7 Bc7 42. Kd4 Kd7 43. Bc5 Kc6 44. Bf8 Bg3 45. Be7 Bc7 46. Bf6 Kb6
47. exf5 gxf5 48. g4 Kc6 49. h4 Bb6+ 50. Ke5 fxg4 51. fxg4 Kd7 52. g5 Bc7+ 53.
Ke4 Ke8 54. h5 Kf7 55. Be5 Bd8 56. Bf4 Bb6 57. Bd2 Ba7 58. Be3 Bb8 59. Bb6 1-0

[Event "Ceske sachove vanoce 2009"]
[Site "Litomysl (CZE)"]
[Date "2010.01.02"]
[Round "9.1"]
[White "Simacek, Pavel"]
[Black "Heberla, Bartolomiej"]
[Result "1/2-1/2"]
[WhiteElo "2513"]
[BlackElo "2515"]
[PlyCount "24"]
[EventDate "2009.12.26"]

1. e4 e6 2. d4 d5 3. Nd2 dxe4 4. Nxe4 Nd7 5. Nf3 Ngf6 6. Bd3 c5 7. Nxf6+ Nxf6
8. O-O cxd4 9. Nxd4 Bc5 10. Nb3 Bd6 11. Bg5 Bd7 12. Qf3 Qc7 1/2-1/2